| 000 | 00890nam a22002412 4500 | ||
|---|---|---|---|
| 001 | 0000004739 | ||
| 005 | 20151217151940.0 | ||
| 008 | 070528s xx 000 0 eng d | ||
| 020 |
_a0929355334 : _cKES 1,200 |
||
| 040 |
_aKABU _cKABU |
||
| 050 | 0 |
_aS675 _b.S65 1993 |
|
| 100 | 1 |
_aSrivastava, Ajit K. _@0000155491 |
|
| 245 | 1 | 0 |
_aEngineering principles of agricultural machines / _cAjit K. Srivastava, Carroll E. Goering, Roger P. Rohrbach. |
| 260 |
_aSt. Joseph, Michigan : _bAmerican Society of Agricultural Engineers, _c1993. |
||
| 300 |
_axiii, 601 p. ; _c24 cm. |
||
| 650 | 0 |
_aAgricultural engineering. _@0000155492 |
|
| 650 | 0 |
_aAgricultural machinery _xDesign and construction. _@0000155493 |
|
| 700 | 1 |
_aGoering, Carroll E. _@0000155494 |
|
| 700 | 1 |
_aRohrbach, Roger P. _@0000155495 |
|
| 908 | _a070528 | ||
| 950 | _@1 | ||
| 999 |
_c6627 _d6627 |
||